000 00507nam a2200181Ia 4500
005 20250508150824.0
008 008 250505s9999 xx 000 0 eng d
037 _aTextual
040 _aFEDL
_beng
_cFEDL
041 _aeng
_2eng
084 _a372.5, TOM
_qFEDL
100 _aTomlinson R R
_9757728
245 0 _aPicture and pattern-making by children
260 _aLondon, UK
_bThe Studio Publications
300 _avii,144p.
942 _cTEXL
_h372.5, TOM
999 _c1325878
_d1325878